000 00302nam a2200121Ia 4500
008 190216s9999||||xx |||||||||||||| ||und||
100 _aPatterson Lois
245 0 _aMicrosoft Excel 97 In 24 Hours Teach Yourself
260 _bTech Media Pub
300 _a430
650 _aComputer Science
942 _cBK
999 _c8657
_d8657